Statistics for Xinjiang subdivision quiz

Click here to take the quiz!

General Stats

  • This quiz has been taken 19 times
    (18 since last reset)
  • The average score is 10 of 18

Answer Stats

TriviaAnswer% Correct
CountryChina
86%
Capital CityUrumqi
86%
Kazakhstan
79%
Mongolia
79%
Tibet
79%
Russia
71%
India
64%
Countries that it bordersKyrgyzstan
64%
Pakistan
64%
Type Xinjiang 7 times to complete the quizXinjiangXinjiangXinjiangXinjiangXinjiangXinjiangXinjiang
64%
Afghanistan
57%
Tajikistan
57%
Gansu
50%
Subdivisions in it's country that it bordersQinghai
36%
Full nameXinjiang Uyghur
36%
Aksu
21%
Karamay
21%
Largest cities excluding the capitalKorla
21%

Score Distribution

Percentile by Number Answered

Percent of People with Each Score

Your Score History

You have not taken this quiz since the last reset